Estados aleatórios do Brasil - Statistics

Estatísticas Gerais
  • Esse quiz foi jogado 217 vezes
  • A pontuação média é 9 de 10
Respostas no mapa
Respostas codificadas por cores de uma escala verde-vermelha no mapa do quiz de acordo com a % correta abaixo.
 
Estatísticas das Respostas
Estado % Correto
Acre
100%
Amazonas
100%
Mato Grosso
100%
Pará
100%
Pernambuco
100%
Roraima
100%
Santa Catarina
100%
São Paulo
100%
Mato Grosso do Sul
96%
Rio Grande do Sul
96%
Tocantins
96%
Distrito Federal
93%
Bahia
92%
Rondônia
92%
Ceará
90%
Rio de Janeiro
90%
Paraná
89%
Piauí
87%
Espírito Santo
84%
Minas Gerais
83%
Rio Grande do Norte
83%
Sergipe
83%
Amapá
82%
Goiás
80%
Maranhão
80%
Paraíba
80%
Alagoas
79%
Nenhum quiz correspondente encontrado
Distribuição das Pontuações
Porcentagem de Pessoas com Cada Pontuação
Percentil de Números Respondidos
Sua Pontuação Histórica
Você não jogou esse quiz